| 000 | 00483nam a2200205 i 4500 | ||
|---|---|---|---|
| 001 | bg | ||
| 100 | 1 | _aURBAŃSKI, Artur | |
| 245 | 1 | 0 |
_aMS-DOS 6.0/6.2 / _cArtur Urbański. |
| 260 |
_aWarszawa : _b"Intersoftland", _c1994. |
||
| 300 |
_a310 s. ; _c24 cm. |
||
| 650 | 9 | _aDOS | |
| 655 | _aPodręczniki | ||
| 020 | _a8385515704 | ||
| 040 | _cBPK | ||
| 041 | 0 | _apl | |
| 080 | _a004.451DOS | ||
| 920 | _a83-85515-70-4 | ||
| 942 | _cKS | ||
| 008 | s pl f |000 0 pol | ||
| 999 |
_c39775 _d39775 |
||
| 856 |
_uhttp://koha.tu.koszalin.pl/cgi-bin/koha/opac-detail.pl?biblionumber=39775 _yKatalog online BPK |
||